Sentiment static as recovery falters (Record no. 83334)

MARC details
000 -LEADER
fixed length control field 01013cab a22002055a 4500
001 - CONTROL NUMBER
control field L153595
008 - FIXED-LENGTH DATA ELEMENTS--GENERAL INFORMATION
fixed length control field 110808e20110805xxk 000 0 eng d
035 ## - SYSTEM CONTROL NUMBER
System control number (Sirsi) u153595
041 0# - LANGUAGE CODE
Language code of text/sound track or separate title eng
100 1# - MAIN ENTRY--PERSONAL NAME
Personal name Phillips, Mike
245 00 - TITLE STATEMENT
Title Sentiment static as recovery falters
260 ## - PUBLICATION, DISTRIBUTION, ETC.
Date of publication, distribution, etc. 2011
490 #0 - SERIES STATEMENT
Series statement Property Week
Volume/sequential designation 77(30) 5 August 2011, 18-19(2)
520 ## - SUMMARY, ETC.
Summary, etc. The latest Lloyds Bank Confidence Monitor survey of nearly 450 property professionals shows confidence in the fragile recovery waning in the second half of 2011 with the faltering wider economy and the eurozone crisis as key causes. Fund managers are leading the bleak outlook. Appetite for cross-county investment is poor. Small businesses are trying to avoid leverage. Businesses expect the market to remain static.
590 ## - LOCAL NOTE (RLIN)
Local note KA
651 #4 - SUBJECT ADDED ENTRY--GEOGRAPHIC NAME
Geographic name United Kingdom
Chronological subdivision
690 ## - LOCAL SUBJECT ADDED ENTRY--TOPICAL TERM (OCLC, RLIN)
Topical term or geographic name as entry element PROPERTY-COMMERCIAL PROPERTY-COMMERCIAL PROPERTY FINANCE AND INVESTMENT
690 ## - LOCAL SUBJECT ADDED ENTRY--TOPICAL TERM (OCLC, RLIN)
Topical term or geographic name as entry element PROPERTY-COMMERCIAL PROPERTY-COMMERCIAL PROPERTY MARKET
942 ## - ADDED ENTRY ELEMENTS (KOHA)
Suppress in OPAC 0
Holdings
Withdrawn status Lost status Source of classification or shelving scheme Damaged status Not for loan Home library Current library Shelving location Date acquired Total Checkouts Full call number Barcode Date last seen Copy number Price effective from Koha item type
    Dewey Decimal Classification     London London Journal article 08/08/2011   L153595 153595-1001 06/08/2019 1 06/08/2019 Journal article